000 00293nam a2200121Ia 4500
008 240731s9999 xx 000 0 und d
022 _a2159-7081
245 0 _aBacteriophage
260 _bTaylor & Francis
856 _uhttps://www.tandfonline.com/loi/kbac20
942 _2ddc
942 _cTFEJ
999 _c75581
_d75581
945 _a1
_bMadushi Gamage
_c1
_dMadushi Gamage